• 首页
  • 本馆介绍
  • 公告通知
  • 最新文献
  • 馆藏检索
  • 电子资源
  • 读者导购
  • 参考咨询
  • 我的图书馆
  • 登录
  • 详细信息显示
  • 放入我的书架
  • 预约/预借图书
  • 作者相关作品
  • 分类相关作品
  • 丛书相关作品
  • 出版社相关作品

书目信息

  • 表格格式
  • 工作单格式
  • 卡片格式
题名:
马尔萨斯“人口论”和新马尔萨斯主义批判
    
 
作者: 王放勋 著
分册:  
出版信息: 上海   上海人民出版社  1978
页数: 132页
开本: 19cm
丛书名:
单 册:
中图分类: C92 , F091.341
科图分类:
主题词: 人口学 , 新马尔萨斯主义--思想评论 , 新马尔萨斯主义
电子资源:
ISBN: 4074.387
000 01009nam0 2200301 450
001 0178006240
005 20100712215448.0
010    @a4074.387@dCNY0.35
091    @a4074.387
100    @a19950712d1978 emky0chiy0110 ea
101 0  @achi
102    @aCN@b310000
105    @ay z 000yy
106    @ar
200 1  @a马尔萨斯“人口论”和新马尔萨斯主义批判@9Ma Er Sa Si “ Ren Kou Lun ” He;Huo;Hu Xin Ma Er Sa Si Zhu Yi Pi Pan @f王放勋著
210    @a上海@c上海人民出版社@d1978
215    @a132页@d19cm
517 1  @a马尔萨斯人口论和新马尔萨斯主义批判@9ma er sa si ren kou lun he xin ma er sa si zhu yi pi pan
600  1 @a马尔萨斯@c(Malthus, T.@f1766~1834)@x人口学@x思想评论
600  1 @2CT@3S050502@a马尔萨斯@c(Malthus, T.@f1766~1834)
606 0  @a人口学
606 0  @a新马尔萨斯主义@x思想评论
606 0  @a新马尔萨斯主义
690    @aC92@v3
690    @aF091.341@v3
701  0 @a王放勋@9wang fang xun@f(1917~)@4著
801  0 @aCN@bAzMarc@c20130904
905    @aBZT@dC92@e9@f3@sC92/9
    
    马尔萨斯“人口论”和新马尔萨斯主义批判/王放勋著.-上海:上海人民出版社,1978
    132页;19cm
    
    
    ISBN 4074.387:CNY0.35
    
●
相关链接 在五车中查询图书 在当当中查询图书 在豆瓣中查询图书


正题名:马尔萨斯"人口论"和新马尔萨斯主义批判     索取号:C92/9         预约/预借

序号 登录号 条形码 馆藏地/架位号 状态 备注
1 2000121273   2000121273   旧书回溯/ [索取号:C92/9] 在馆    
2 2000121274   2000121274   旧书回溯/ [索取号:C92/9] 在馆    
3 2000121275   2000121275   旧书回溯/ [索取号:C92/9] 在馆    
山东省滨州职业学院图书馆 欢迎您!
大连网信软件有限公司© 版权所有